LEADER 00864nam0 22002531i 450 001 RML0303014 005 20231121125745.0 100 $a20121121f ||||0itac50 ba 101 | $aeng 102 $aus 181 1$6z01$ai $bxxxe 182 1$6z01$an 200 1 $aThree plays$fThornton Wilder$gIllustrated by Alex Tsao 210 $aNew York $cBantam books , © 215 $aXII,225 p.$d18 cm. 700 1$aWilder$b, Thornton$3RMLV194123$0199983 801 3$aIT$bIT-01$c20121121 850 $aIT-FR0017 899 $aBiblioteca umanistica Giorgio Aprea$bFR0017 912 $aRML0303014 950 0$aBiblioteca umanistica Giorgio Aprea$d 52CIS 12/600$e 52VM 0000731625 VM barcode:00073401. - Inventario:521 MAGVM$fA $h20090526$i20121204 977 $a 52 996 $aThree plays$91548716 997 $aUNICAS